[Event "NOR-ch Class4"]
[Site "Lillehammer"]
[Date "2013.06.29"]
[Round "3"]
[White "Suntharalingam, Jeya"]
[Black "Hageberg, Olav Kristian"]
[Result "0-1"]
[WhiteElo "1118"]
[BlackElo "1237"]
[PlyCount "76"]
[EventDate "2013.06.29"]
[EventType "swiss"]
[EventRounds "9"]
[EventCountry "NOR"]
[SourceTitle "EXT 2017"]
[Source "ChessBase"]
[SourceDate "2016.10.25"]
[SourceVersion "1"]
[SourceVersionDate "2016.10.25"]
[SourceQuality "1"]

1. e4 c5 2. Nf3 d6 3. d4 cxd4 4. Nxd4 Nf6 5. Nc3 a6 6. Bd3 e5 7. Nf3 Be7 8. Be3 Be6 9. a3 h6 10. b4 b5 11. h3 Nbd7 12. 0-0 Qc7 13. Qd2 Rc8 14. Ne2 Nb6 15. Ng3 Nc4 16. Qe2 Nxe3 17. Qxe3 0-0 18. a4 Bc4 19. Rfc1 Nh7 20. axb5 axb5 21. Ra7 Qd8 22. Nf5 Bf6 23. Ra6 Be7 24. Rd1 Ng5 25. Nxe7+ Qxe7 26. Nh2 Rfd8 27. Ra7 Rc7 28. Rda1 Rxa7 29. Rxa7 Rd7 30. Ra6 d5 31. c3 d4 32. cxd4 Rxd4 33. Bxc4 bxc4 34. b5 Qb7 35. f3 Ne6 36. Ng4 Qxb5 37. Qa3 Rd1+ 38. Kh2 Rd8 0-1